000 00707nam a2200253Ia 4500
003 OSt
005 20220924113136.0
006 a|||||r|||| 00| 0
007 ta
008 220923b |||||||| |||| 00| 0 eng d
024 _a110125
037 _cDictionary
040 _aARTS
_cARTS
_beng
041 _2eng
_aeng
082 _aXk, K1 (EX)
100 _aSloan Harrold S
_9169552
245 0 _aDictionary of economics
260 _aNew
_bYork Barnes and Noble
_c1961
490 _aEvery day handbook series; 266
650 _aECONOMICS
700 _a Zurcher Arnold J
_9169553
942 _hXk, K1 (EX)
_cdic
_2cc
999 _c389352
_d389352